000
00312nam a2200133Ia 4500
005
20260328101508.0
008
260328s9999||||xx |||||||||||||| ||und||
100
_a
Virey, Jean
245
0
_a
L'Abbaye de Cluny /
_c
Jean Virey
260
_b
Henri Laurens
300
_a
62 p.
650
_a
ARQUITECTURA
942
_c
BK
999
_c
9092
_d
9092